000 00798nam a22002657a 4500
001 BR7406706
003 BR-BrBNA
005 20230928084655.0
007 ta
008 230509b bl.||||| |||| 00| 0 por d
040 _aBR-BrBNA
_bpor
_cBiblioteca Nacional de Agricultura
041 _a(Por)
072 _aL00; E70
_b9400
_b/G514
090 _ 9400 BR7406706
110 1 _aConfederacao Brasileira de Cooperativas de Laticinios, Brasilia, DF (Brasil)
_92515
245 1 _aConfederacao brasileira de cooperativas de laticinios [leite, comercializacao]
260 3 _aBrasilia, DF (Brasil):
_c1974.
300 _a49 p.
500 _a5 graphs; 15 tables
650 _aPRODUCAO ANIMAL
650 _aLEITE
650 _aCOMERCIALIZACAO
909 _a202309
_bLucia
_c55
_dLucia Elande
942 _cBK
999 _c20407
_d20407